| 000 | 00562nam a2200193Ia 4500 | ||
|---|---|---|---|
| 999 |
_c22480 _d22480 |
||
| 003 | OSt | ||
| 005 | 20200206143111.0 | ||
| 008 | 190216s9999||||xx |||||||||||||| ||und|| | ||
| 020 | _a8172048483 | ||
| 040 | _coclc | ||
| 082 |
_a297.122 _bELA/Q |
||
| 100 |
_a Elayavuru, Vanidas _91856 |
||
| 245 | 0 |
_aQurante Munnil Vinayaanuitham / _cVanidas Elayavuru |
|
| 250 | _a8th ed. | ||
| 260 |
_bIslamic Publishing House, _c2002. _aKozhikode: |
||
| 300 | _a245p | ||
| 650 | _aIslamic History | ||
| 942 |
_cBK _2ddc _h297.122 _iELA/Q _k297.122 _mELA/Q |
||